Bir Müslüman Kur’an ve Tarihsellik’e Nasıl Bakmalı? (Kayıt no. 1259227)

MARC ayrıntıları
000 -LEADER
sabit uzunluktaki kontrol alanı 00316nam a2200109Ia 4500
001 - KONTROL NUMARASI
kontrol alanı 1259227
005 - EN SON İŞLEMİN TARİH VE ZAMANI
kontrol alanı 20260417140307.0
008 - SABİT-UZUNLUKTA VERİ ÖĞELERİ--GENEL BİLGİ
sabit uzunluktaki kontrol alanı 260417s9999 xx 000 0 und d
020 ## - ULUSLARARASI STANDART KİTAP NUMARASI
Uluslararası Standart Kitap Numarası 9786257432306
245 #0 - ESER / YAZAR
ESER ADI Bir Müslüman Kur’an ve Tarihsellik’e Nasıl Bakmalı?
Yazar Adı Şevket Kotan
260 ## - YAYIN, DAĞITIM, VB.
YAYIN EVİ Beyan Yayınları
Mevcut
Düşüm durumu Kayıp durumu Hasar Durumu Ödünç verilmez Ana kütüphane Geçerli Kütüphane Edinilen tarih Toplam ödünç verme sayısı Barkod Son görüntüleme tarihi Fiyatın geçerli olmaya başladığı tarih Koha materyal türü
        ADİL KARAAĞAÇ MESLEKİ VE TEKNİK ANADOLU LİSESİ ADİL KARAAĞAÇ MESLEKİ VE TEKNİK ANADOLU LİSESİ 17.04.2026   1112145 17.04.2026 17.04.2026 Kitaplar
Gemini Bilgi Teknolojileri A.Ş. tarafından düzenlenmiştir.